000 00948nas a2200289 4500
001 BR2011001318
003 BR-BrBNA
005 20231205114505.0
007 ta
008 230509b bl.|||p| |||| 00| 00por d
040 _aBR-BrBNA
_bpor
_cBiblioteca Nacional de Agricultura
041 _a(Pt)
072 _aL51
100 1 _aPucci, L.E.A.
100 1 _aRodrigues, P.B.
100 1 _aFreitas, R.T.F. de
100 1 _aFialho, E.T.
100 1 _aNascimento, G.A.J. do
100 1 _aAlvarenga, R.R.
245 1 _aEfeito do processamento, suplementação enzimática e nível nutricional da ração para frangos de corte no período de 22 a 42 dias de idade
650 _aFRANGO DE CORTE
650 _aDIGESTIBILIDADE
650 _aPERFORMANCE
773 0 _tCiência e Agrotecnologia (Brazil)
_xISSN 1413-7054
_g(Nov-Dec 2010), v. 34(6) p. 1557-1565
_wBR2011001318
909 _a202311
_bLúcia
_c55
_dLúcia Elande
942 _2AGRIS
_n0
_cANA
999 _c209012
_d209012